Le titre est dans les paroles - Statistiques

Statistiques générales
  • Ce quiz a été pris 591 fois
  • Le résultat moyen est 6 sur 15
Statistiques - réponses
Hint Réponse % Correct
Ca m'___ !!! énerve
77%
Hier encore, j'avais __ ___ 20 ans
71%
__, ___, habitants de Bagdad Oyé Oyé
63%
Tu me fais trop pitié, tu me saoules, vas y, ___ _ __ ___ Parle à ma main
60%
Au parking de la boite, toute sorte de plaque, __, __, __, __ 91 92 93 94
53%
Moi j'aime les ____ parce qu'on ne se les fait pas piquer moches
53%
My ___ is, my ___ is, my ___ is tchikitchikitchik slim shady name
49%
Son bel amant, le prince charmant, l'a prend __ __ ____ ___ sur son cheval blanc
49%
Le vent qui ___ _ __ ne pense plus à demain hurle en moi
36%
3 ___ __ _____, mon dieu ce qu'elle est belle nuits par semaine
36%
Le bouchon de liège est dans ton anus et je pousse encore avec mon ___ phallus
20%
J'me tire dans un endroit où jserai pas le suspect, et puis jvais changer d'nom comme ____ __ Cassus Clay
17%
Prêt à foutre le bordel comme un ___ ____ Rolling stones
6%
I got __, I got __, in different area codes, area codes Hoes
3%
___ _ _____ _ ____, je préfère sauver les animaux Fuck ta fondation de merde
1%
Aucun quiz correspondant
Distribution des résultats
% des personnes avec chaque résultat
Percentile par nombre de réponses
Votre historique - résultats
Vous n’avez pas pris ce quiz